β - konvergencia v krajinách Európskej únie

Prístup ku konvergencii aplikovaný v kontexte Európskej únie, pričom je porovnávané obdobie, ktoré zahŕňalo krízu a obdobie, do ktorého posledná kríza zahrnutá nebola.

Salvato in:
Dettagli Bibliografici
Autore principale: Lukáčiková, Adriana, 1971-
Natura: Capitolo di libro
Lingua:slovacco
Soggetti:
Tags: Aggiungi Tag
Nessun Tag, puoi essere il primo ad aggiungerne!!

MARC

LEADER 00000nla a2200000 4500
001 0180526
005 20240502073058.6
041 0 |a slo 
044 |a SK 
245 1 0 |a β - konvergencia v krajinách Európskej únie  |c Adriana Lukáčiková 
520 |a Prístup ku konvergencii aplikovaný v kontexte Európskej únie, pričom je porovnávané obdobie, ktoré zahŕňalo krízu a obdobie, do ktorého posledná kríza zahrnutá nebola. 
610 2 0 |a konvergencia 
610 2 0 |a kríza 
610 2 0 |a cykly hospodárske 
610 2 0 |a modely ekonometrické 
610 2 0 |a ekonometria 
610 2 0 |a modely výskumu operačného 
100 1 |a Lukáčiková, Adriana, 1971-